000
00208 a2200097 4500
001
45665
100
_a
Machiavelli N
245
_a
The prince
260
_a
Chicago
_b
William Benton
_c
090
_c
28842
_d
28842
942
_a
NUST-CAE
_c
M
_c
20938
999
_c
280738
_d
280738